El Señor de los anillos (Registro nro. 2082)
[ vista simple ]
| 000 -LEADER | |
|---|---|
| fixed length control field | 02491nam a22001697a 4500 |
| 003 - CONTROL NUMBER IDENTIFIER | |
| control field | OSt |
| 005 - DATE AND TIME OF LATEST TRANSACTION | |
| control field | 20260429090057.0 |
| 008 - FIXED-LENGTH DATA ELEMENTS--GENERAL INFORMATION | |
| fixed length control field | 260429b |||||||| |||| 00| 0 SPA d |
| 100 ## - MAIN ENTRY--PERSONAL NAME | |
| Personal name | NA |
| 245 ## - TITLE STATEMENT | |
| Title | El Señor de los anillos |
| Remainder of title | juego de tronos |
| 250 ## - EDITION STATEMENT | |
| Edition statement | 1ra |
| 260 ## - PUBLICATION, DISTRIBUTION, ETC. | |
| Place of publication, distribution, etc. | QUITO - ECUADOR |
| Name of publisher, distributor, etc. | EDITORIAL TRIANA |
| Date of publication, distribution, etc. | XX |
| 300 ## - PHYSICAL DESCRIPTION | |
| Extent | 96 pag |
| 520 ## - SUMMARY, ETC. | |
| Summary, etc. | <br/>¿Hasta qué punto debe llegar la fantasía o imaginación del escritor? La fantasía, debe mezclarse tan sutilmente con la realidad, que debe parecernos una sola cosa: una fantasía verosímil. Si no, por qué millones de lectores leen todos los días Harry Potter. Es porque creen en esas fantasías, o al menos entran en su mundo imaginario como que fueran historias verosímiles. Parece ilógico pero es así. ¿Por qué creerle a aquel loco y empecinado Gabriel García Márquez que hace ascender a los cielos en cuerpo y alma a Remedios la bella, o que arrebata todo objeto metálico de las casas de Macondo ante el paso de un gigantesco imán por sus calles? Extraordinarias las fantasías surgidas en la literatura. Nos dan ganas de creer en todas. Esa es la magia de la fantasía. Crear o imaginar cosas y fenómenos que aún no ocurren o que no pueden ocurrir jamás, pero fusionados con una realidad, como que la realidad fuera el agua con que tomamos la pastilla de la fantasía. En definitiva, nos tragamos agua y pastilla.<br/> <br/>Se afirma también y con razón que la fantasía en la literatura es tan antigua como la misma literatura. Hasta se dice que nació con ella. Nos equivocaríamos si dijéramos que la literatura fantástica es de origen contemporáneo. Veamos uno de los libros más extraordinarios de la historia literaria, La Odisea, escrito ocho siglos antes de Cristo. Esta es una de las obras más llenas de fantasía de la literatura universal. La obra narra el retorno de Ulises y sus tropas desde la incendiada ciudad de Troya hasta su reino en Ítaca. Debe atravesar los mares en medio de tormentas y aventuras y tras sortear muchos peligros orquestados por los enojados dioses. Se enfrenta a cíclopes devoradores de hombres, pasa por la isla de las sirenas, desciende a los infiernos, ve transformarse en cerdos a sus soldados, es hechizado por la ninfa Calipso y retenido por otra deidad, Circe. Dioses y hombres en constante confrontación. ¿Se puede pedir más fantasía? Otra obra inmortal, La Divina Comedia, escrita en el Renacimiento |
| 700 ## - ADDED ENTRY--PERSONAL NAME | |
| Personal name | Gabirel Garcia Marquez |
| 942 ## - ADDED ENTRY ELEMENTS (KOHA) | |
| Source of classification or shelving scheme | Dewey Decimal Classification |
| Koha item type | Acceso Libre |
| Suppress in OPAC | No |
| Withdrawn status | Lost status | Source of classification or shelving scheme | Damaged status | Not for loan | Collection | Home library | Current library | Shelving location | Date acquired | Source of acquisition | Coded location qualifier | Inventory number | Total checkouts | Full call number | Barcode | Date last seen | Copy number | Price effective from | Koha item type |
|---|---|---|---|---|---|---|---|---|---|---|---|---|---|---|---|---|---|---|---|
| Dewey Decimal Classification | Estantería F Fila 2 | Biblioteca Stanford | Biblioteca Stanford | Biblioteca Abierta | 29.04.2026 | LECTURA | 0501 | 0501 | Literatura | BIBLIO0501 | 29.04.2026 | 1 | 29.04.2026 | Acceso Libre |